000 00618nam a2200205 a 4500
005 20210219153112.0
008 991125n 000 0 spa u
035 _aUPN01000078104
100 _aPALACIOS CALDERON, Fernando
222 _aREVISTA MEXICANA DE PEDAGOGIA
245 _aEvaluación de la calidad de la educación : parte I. : Introito
300 _a33-36
362 _a1996 Año 7, no. 32, nov.-dic.
653 0 _aCALIDAD EDUCATIVA
653 0 _aEVALUACION EDUCATIVA
653 0 _aFORMACION DE MAESTROS
653 0 _aLEY GENERAL DE EDUCACION, MEXICO
904 _aAC
_b015915
905 _aArticulo
999 _c68497
_d68497